Memorias de la Real Academia de la Historia. (Record no. 170550)
[ view plain ]
| 000 -LEADER | |
|---|---|
| campo de control de longitud fija | 01279nam a2200205 i 4500 |
| 001 - NÚMERO DE CONTROL | |
| campo de control | 170550 |
| 003 - IDENTIFICADOR DE NÚMERO DE CONTROL | |
| campo de control | ES-MaACL |
| 005 - FECHA Y HORA DE LA ÚLTIMA TRANSACCIÓN | |
| campo de control | 20230906214409.0 |
| 008 - DATOS DE LONGITUD FIJA--INFORMACIÓN GENERAL | |
| campo de control de longitud fija | 090316s1888 sp |||| | spa d |
| 080 ## - NÚMERO DE LA CLASIFICACIÓN DECIMAL UNIVERSAL | |
| Número de la Clasificación Decimal Universal | 94(460) |
| 245 00 - MENCIÓN DEL TÍTULO | |
| Título | Memorias de la Real Academia de la Historia. |
| Número de parte o sección de la obra | Tomo XI. |
| 260 ## - PUBLICACIÓN, DISTRIBUCIÓN, ETC. | |
| Lugar de publicación, distribución, etc. | Madrid : |
| Nombre del editor, distribuidor, etc. | [s.n.], |
| Fecha de publicación, distribución, etc. | 1888 ( |
| Fabricante | Imprenta y fundición de Manuel Tello) |
| 300 ## - DESCRIPCIÓN FÍSICA | |
| Extensión | 788 p., [3] h. pleg, [33] h. de lám. ; |
| Dimensiones | 25 cm. |
| 500 ## - NOTA GENERAL | |
| Nota general | Cada memoria con portada y pie de imprenta propio. |
| 505 8# - NOTA DE CONTENIDO CON FORMATO | |
| Nota de contenido con formato | Contiene: Catálogo de los individuos de la Real Academia de la Historia en 1º de octubre de 1888. Historia vicisitudes y política tradicional de España respecto de sus posesiones en las costas de África desde la monarquía gótica y en los tiempos posteriores á la restauración hasta el último siglo / memoria escrita por Leon Galindo y de Vera, Necrópolis de Carmona / memoria escrita ... por Juan de Dios de la Rada y Delgado. Noticia de una necrópolis ante-romana descubierta en Cabrera de Mataró (Barcelona) en 1881 / por Juan Rubio de la Serna |
| 610 24 - PUNTO DE ACCESO ADICIONAL DE MATERIA--NOMBRE DE ENTIDAD CORPORATIVA | |
| Nombre de entidad corporativa o nombre de jurisdicción como elemento de entrada | Real Academia de la Historia (España)- |
| Subdivisión de forma | Memorias. |
| 9 (RLIN) | 152005 |
| 651 #4 - PUNTO DE ACCESO ADICIONAL DE MATERIA--NOMBRE GEOGRÁFICO | |
| Nombre geográfico | España- |
| Subdivisión general | Historia. |
| 9 (RLIN) | 8209 |
| 710 2# - ENTRADA AGREGADA--NOMBRE DE ENTIDAD CORPORATIVA | |
| Nombre de entidad corporativa o nombre de jurisdicción como elemento de entrada | Real Academia de la Historia (España) |
| 9 (RLIN) | 6309 |
| 852 ## - LOCALIZACIÓN | |
| Ubicación | ES-MaACL |
| Número de control de estantería | R-2769 |
| Estatus retirado | Estado de pérdida | Estado de daño | No para préstamo | Colección | Biblioteca de origen | Biblioteca actual | Ubicación en estantería | Fecha de adquisición | Fuente de adquisición | Total de préstamos | Signatura topográfica completa | Código de barras | Visto por última vez | Precio de reemplazo | Tipo de ítem Koha |
|---|---|---|---|---|---|---|---|---|---|---|---|---|---|---|---|
| Libros del s. XIX | Biblioteca del Ateneo de Madrid | Biblioteca del Ateneo de Madrid | Depósito | 16/03/2009 | R-2769 | 1178982 | 23/02/2023 | 23/02/2023 | Libro impreso antiguo |
